| 000 | 00870nam a22002417i 4500 | ||
|---|---|---|---|
| 003 | DO-SdBNP | ||
| 005 | 20240215104210.0 | ||
| 007 | ta | ||
| 008 | 240117b1941 dr a|||| |||| 00| 0 spa d | ||
| 040 |
_aDO-SdBNP _bspa _cBNPHU _erda |
||
| 100 | 1 |
_aParadas Veloz, Félix Alejandro, _eautor _984791 |
|
| 245 | 1 | 0 |
_aContribución al estudio de las ipomeas / _cFélix Alejandro Paradas Veloz. |
| 264 |
_aCiudad Trujillo, República Dominicana _bImprenta Montalvo, _c1941. |
||
| 300 |
_a73 páginas : _bilustraciones ; _c24 cm. |
||
| 336 |
_2rdacontent _atexto _btxt |
||
| 337 |
_2rdamedia _asin mediación _bn |
||
| 338 |
_2rdacarrier _avolumen _bnc |
||
| 500 | _aTesis | ||
| 590 | _aPerteneció a la biblioteca personal de Carlos Larrazábal Blanco. | ||
| 590 | _aInventariado, 2024 /LP | ||
| 710 | 1 |
_aUniversidad Central de Santo Domingo : _984923 |
|
| 942 |
_2ddc _cLBS1 |
||
| 999 |
_c55704 _d55704 |
||